Principles of electrical science in SIunits (Record no. 1274)

000 -LEADER
fixed length control field 00371nam a2200133 4500
008 - FIXED-LENGTH DATA ELEMENTS--GENERAL INFORMATION
fixed length control field 200120b ||||| |||| 00| 0 eng d
082 00 - DEWEY DECIMAL CLASSIFICATION NUMBER
Classification number 621.3
Item number P448
100 ## - MAIN ENTRY--PERSONAL NAME
9 (RLIN) 867
Personal name Perkins, G. D.
245 10 - TITLE STATEMENT
Title Principles of electrical science in SIunits
260 ## - PUBLICATION, DISTRIBUTION, ETC. (IMPRINT)
Place of publication, distribution, etc London
Name of publisher, distributor, etc EUP
Date of publication, distribution, etc 1971
300 ## - PHYSICAL DESCRIPTION
Extent vi, 202 p.
650 #0 - SUBJECT ADDED ENTRY--TOPICAL TERM
Topical term or geographic name as entry element Electrical Engineering
942 ## - ADDED ENTRY ELEMENTS (KOHA)
Source of classification or shelving scheme
Item type Books
Holdings
Withdrawn status Lost status Source of classification or shelving scheme Damaged status Not for loan Permanent location Current location Date acquired Full call number Barcode Date last seen Koha item type
          IMU Kolkata IMU Kolkata 1975-09-02 621.3 P448 04322 2020-01-20 Books
Designed and Maintained by IMU-KC Library, Kolkata Campus © Copyright All Rights Reserved

webs counters

Powered by Koha